Caso. Dúdase si podrán estos en este caso tomar curados que les pueda evitar los votos aquí referidos. Un hijo siendo de 13 años y una hija siendo de once años hicieron voto el uno de castidad y el otro de religión viviendo sus padres a los cuales no dieron noticia de ellos. Murieron sus padres dentro de cuatro o cinco años quedando los hijos sin tutor ni curador.

Detalles Bibliográficos
Formato: Libro
Publicado: s.l., s.f.
Materias:
Colección:Banco de datos
Acervo:Biblioteca Palafoxiana. Colección de Manuscritos
Descripción Física:1 f. ; 21 x 30 cm.
Tema general:Eclesiástica
LEADER 00680nam a22001330004500
035 |a 1396 
245 1 0 |a Caso. Dúdase si podrán estos en este caso tomar curados que les pueda evitar los votos aquí referidos. Un hijo siendo de 13 años y una hija siendo de once años hicieron voto el uno de castidad y el otro de religión viviendo sus padres a los cuales no dieron noticia de ellos. Murieron sus padres dentro de cuatro o cinco años quedando los hijos sin tutor ni curador.  
260 |a s.l., s.f. 
300 |a 1 f. ; 21 x 30 cm. 
650 1 0 |a Eclesiástica 
949 |a 32280/151 
942 |c PALAMANU 
943 |g Biblioteca Palafoxiana. Colección de Manuscritos 
999 |c 1069341  |d 1069341